000 00505cam a2200193ua 4500
020 _c$ 4.50
041 _aeng
_h
082 _a512
_bCOW/AL
100 _aCowles, William H.H .
245 _aAlgebra: for colleges and engineering schools /
_cH.H.William Cowles.
_hTextual Documents
250 _a2 /
_b.
260 _aToronto :
_bD Van nostrand co ,
_c1948.
300 _a275 ; .
365 _a$ 4.50
504 _a
700 1 _aThompson, James E .
942 _cBK
999 _c9157
_d9157